<?xml version="1.0" encoding="UTF-8"?>
<record
    xmlns:xsi="http://www.w3.org/2001/XMLSchema-instance"
    xsi:schemaLocation="http://www.loc.gov/MARC21/slim http://www.loc.gov/standards/marcxml/schema/MARC21slim.xsd"
    xmlns="http://www.loc.gov/MARC21/slim">

  <leader>00912nam a22002537a 4500</leader>
  <controlfield tag="005">20140311112600.0</controlfield>
  <controlfield tag="008">140311s2009    ck abdogr     00010 spa d</controlfield>
  <datafield tag="020" ind1=" " ind2=" ">
    <subfield code="a">9789589916902</subfield>
  </datafield>
  <datafield tag="041" ind1=" " ind2=" ">
    <subfield code="a">spa</subfield>
  </datafield>
  <datafield tag="044" ind1=" " ind2=" ">
    <subfield code="a">ck</subfield>
  </datafield>
  <datafield tag="082" ind1="0" ind2="4">
    <subfield code="a">918.986</subfield>
    <subfield code="b">D27c</subfield>
  </datafield>
  <datafield tag="100" ind1="1" ind2=" ">
    <subfield code="a">D&#xED;az Merlano, Juan Manuel</subfield>
    <subfield code="9">504</subfield>
  </datafield>
  <datafield tag="245" ind1="1" ind2="3">
    <subfield code="a">El Choc&#xF3; biogeogr&#xE1;fico de Colombia</subfield>
    <subfield code="c">textos y direcci&#xF3;n cient&#xED;fica Juan Manuel D&#xED;az Merlano, Fernando Gast Harders</subfield>
  </datafield>
  <datafield tag="260" ind1=" " ind2=" ">
    <subfield code="a">Cali</subfield>
    <subfield code="b">Banco de Occidente</subfield>
    <subfield code="c">2009</subfield>
  </datafield>
  <datafield tag="300" ind1=" " ind2=" ">
    <subfield code="a">207 p.</subfield>
    <subfield code="b">il., fot., mapas, tablas, gr&#xE1;ficas</subfield>
    <subfield code="c">34 cm</subfield>
  </datafield>
  <datafield tag="500" ind1=" " ind2=" ">
    <subfield code="a">Incluye glosario.</subfield>
  </datafield>
  <datafield tag="500" ind1=" " ind2=" ">
    <subfield code="a">Incluye cronolog&#xED;a.</subfield>
  </datafield>
  <datafield tag="504" ind1=" " ind2=" ">
    <subfield code="a">Incluye bibliograf&#xED;a (p&#xE1;ginas 198 - 200)</subfield>
  </datafield>
  <datafield tag="650" ind1=" " ind2="4">
    <subfield code="a">Recursos naturales</subfield>
    <subfield code="z"> Choc&#xF3; (Colombia)</subfield>
    <subfield code="9">19994</subfield>
  </datafield>
  <datafield tag="651" ind1=" " ind2="4">
    <subfield code="a"> Choc&#xF3; (Colombia)</subfield>
    <subfield code="v"> Fotograf&#xED;as</subfield>
    <subfield code="9">19995</subfield>
  </datafield>
  <datafield tag="651" ind1=" " ind2="4">
    <subfield code="a"> Choc&#xF3; (Colombia)</subfield>
    <subfield code="x"> Descripci&#xF3;n</subfield>
    <subfield code="9">19996</subfield>
  </datafield>
  <datafield tag="700" ind1="1" ind2=" ">
    <subfield code="a">Gast Harders, Fernando</subfield>
    <subfield code="9">19997</subfield>
  </datafield>
  <datafield tag="942" ind1=" " ind2=" ">
    <subfield code="2">ddc</subfield>
    <subfield code="c">Impreso</subfield>
  </datafield>
  <datafield tag="999" ind1=" " ind2=" ">
    <subfield code="c">8261</subfield>
    <subfield code="d">8261</subfield>
  </datafield>
  <datafield tag="952" ind1=" " ind2=" ">
    <subfield code="0">0</subfield>
    <subfield code="1">0</subfield>
    <subfield code="2">ddc</subfield>
    <subfield code="4">0</subfield>
    <subfield code="7">0</subfield>
    <subfield code="8">GENERAL</subfield>
    <subfield code="I">INV2017</subfield>
    <subfield code="a">Bogota</subfield>
    <subfield code="b">Bogota</subfield>
    <subfield code="d">2014-03-11</subfield>
    <subfield code="e">Instituto</subfield>
    <subfield code="g">39000.00</subfield>
    <subfield code="l">3</subfield>
    <subfield code="o">LB-918.986 D27c</subfield>
    <subfield code="p">034159</subfield>
    <subfield code="r">2020-02-10 00:00:00</subfield>
    <subfield code="s">2020-01-30</subfield>
    <subfield code="t">Ej. 1</subfield>
    <subfield code="w">2014-03-11</subfield>
    <subfield code="x">Donaci&#xF3;n</subfield>
    <subfield code="y">LIBRO</subfield>
  </datafield>
</record>
